LIBRARY & INFORMATION CENTRE, KCAET, TAVANUR

ONLINE PUBLIC ACCESS CATALOGUE (OPAC)

Principles of Farm Machinery (Record no. 11333)

MARC details
000 -LEADER
fixed length control field 00391cam a2200157ua 4500
020 ## - INTERNATIONAL STANDARD BOOK NUMBER
ISBN 8123909772
082 ## - DEWEY DECIMAL CLASSIFICATION NUMBER
Classification number 631.3
Item number KEP/PR
100 ## - MAIN ENTRY--AUTHOR NAME
Personal name Kepner R.A.
100 ## - MAIN ENTRY--AUTHOR NAME
Personal name Bainer,Roy
100 ## - MAIN ENTRY--AUTHOR NAME
Personal name Barger E.L.
245 ## - TITLE STATEMENT
Title Principles of Farm Machinery
250 ## - EDITION STATEMENT
Edition statement 3 /
260 ## - PUBLICATION, DISTRIBUTION, ETC. (IMPRINT)
Place of publication New Delhi :
Name of publisher C B S Publishers & Distributers ,
Year of publication 2003.
300 ## - PHYSICAL DESCRIPTION
Number of Pages 527
942 ## - ADDED ENTRY ELEMENTS (KOHA)
Koha item type Books
Holdings
Withdrawn status Lost status Damaged status Home library Current library Date acquired Full call number Accession Number Koha item type Shelving location Source of acquisition Cost, normal purchase price Collection code
      KAUAET KAUAET 07/04/2012 631.3 KEP/PR 15874 Books        
      KAUAET KAUAET 27/08/2016 631.3 KEP/PR BB 56 Book Bank scheme for SC students Scheme Cosmo Books, Kozhikkode. 175.00  
      KAUAET KAUAET 27/08/2016 631.3 KEP/PR BB 57 Book Bank scheme for SC students Scheme Cosmo Books, Kozhikkode. 175.00  
      KAUAET KAUAET 25/03/2017 631.3 KEP/PR BB 450 Book Bank scheme for SC students Scheme      
      KAUAET KAUAET 25/03/2017 631.3 KEP/PR BB 451 Book Bank scheme for SC students Scheme      
      KAUAET KAUAET 24/03/2017 631.3 KEP/PR 25229 Books General Stacks Calicut Books, Calicut 360.00  
      KAUAET KAUAET 24/03/2017 631.3 KEP/PR 25230 Books General Stacks Calicut Books, Calicut 360.00  
      KAUAET KAUAET 24/03/2017 631.3 KEP/PR 25231 Books General Stacks Calicut Books, Calicut 360.00  
      KAUAET KAUAET 24/03/2017 631.3 KEP/PR 25232 Books General Stacks Calicut Books, Calicut 360.00  
      KAUAET KAUAET 24/03/2017 631.3 KEP/PR 25233 Books General Stacks Calicut Books, Calicut 360.00  
      KAUAET KAUAET 31/05/2019 631.3 KEP/PR BB 513 Books Scheme   495.00 Non-fiction
free website counter